Normal view MARC view

Entry Personal Name

Number of records used in: 1

001 - CONTROL NUMBER

  • control field: 1141

003 - CONTROL NUMBER IDENTIFIER

  • control field: DLC

005 - DATE AND TIME OF LATEST TRANSACTION

  • control field: 20200113133218.0

008 - FIXED-LENGTH DATA ELEMENTS

  • fixed length control field: 960927n| acannaab| |n aaa c

010 ## - LIBRARY OF CONGRESS CONTROL NUMBER

  • LC control number: no 96049633

035 ## - SYSTEM CONTROL NUMBER

  • System control number: (OCoLC)oca04170841

040 ## - CATALOGING SOURCE

  • Original cataloging agency: DJBF
  • Transcribing agency: DJBF

100 10 - HEADING--PERSONAL NAME

  • Personal name: Ahuja, B. N.

670 ## - SOURCE DATA FOUND

  • Source citation: Small-scale industries in India, 1981:
  • Information found: t.p. (B.N. Ahuja, M.A., J.D.)

Powered by Koha